|
|
|
|
| LEADER |
01993nam a2200433 i 4500 |
| 001 |
EBC4923797 |
| 003 |
MiAaPQ |
| 005 |
20200520144314.0 |
| 006 |
m o d | |
| 007 |
cr cnu|||||||| |
| 008 |
170922t20172017enka ob 001 0 eng d |
| 020 |
|
|
|z 9781787148321
|
| 020 |
|
|
|z 9781787432673 (epub)
|
| 020 |
|
|
|a 9781787148314 (e-book)
|
| 035 |
|
|
|a (MiAaPQ)EBC4923797
|
| 035 |
|
|
|a (Au-PeEL)EBL4923797
|
| 035 |
|
|
|a (CaPaEBR)ebr11428901
|
| 035 |
|
|
|a (CaONFJC)MIL1031784
|
| 035 |
|
|
|a (OCoLC)1002187310
|
| 040 |
|
|
|a MiAaPQ
|b eng
|e rda
|e pn
|c MiAaPQ
|d MiAaPQ
|
| 050 |
|
4 |
|a HD2755.5
|b .R477 2017
|
| 082 |
0 |
|
|a 338.88
|2 23
|
| 245 |
0 |
0 |
|a Responsive global organization new insights from global strategy and international business /
|c edited by Torben Juul Andersen.
|
| 264 |
|
1 |
|a Bingley, England :
|b Emerald Publishing Limited,
|c 2017.
|
| 264 |
|
4 |
|c 2017
|
| 300 |
|
|
|a 1 online resource (256 pages) :
|b illustrations.
|
| 336 |
|
|
|a text
|2 rdacontent
|
| 337 |
|
|
|a computer
|2 rdamedia
|
| 338 |
|
|
|a online resource
|2 rdacarrier
|
| 490 |
0 |
|
|a Emerald Studies in Global Strategic Responsiveness
|
| 504 |
|
|
|a Includes bibliographical references at the end of each chapters and index.
|
| 588 |
|
|
|a Description based on online resource; title from PDF title page (ebrary, viewed September 21, 2017).
|
| 590 |
|
|
|a Electronic reproduction. Ann Arbor, MI : ProQuest, 2016. Available via World Wide Web. Access may be limited to ProQuest affiliated libraries.
|
| 650 |
|
0 |
|a International business enterprises.
|
| 655 |
|
4 |
|a Electronic books.
|
| 700 |
1 |
|
|a Andersen, Torben Juul,
|e editor.
|
| 776 |
0 |
8 |
|i Print version:
|t Responsive global organization new insights from global strategy and international business.
|d Bingley, England : Emerald Publishing Limited, c2017
|h viii, 247 pages
|k Emerald Studies in Global Strategic Responsiveness
|z 9781787148321
|
| 797 |
2 |
|
|a ProQuest (Firm)
|
| 856 |
4 |
0 |
|u https://ebookcentral.proquest.com/lib/matrademy/detail.action?docID=4923797
|z Click to View
|